000 00929nam a2200301Ia 4500
003 CO-BoRNBP
005 20230414140545.0
007 ta
008 160315s1999 mx g 000 f spa
020 _a9684114451
040 _aCO-BoRNBP
_bspa
_erda
_cCO-BoRNBP
084 _aN JAR1
100 1 _aJaramillo Agudelo, Darío,
_d1947-
_91234
245 1 0 _aCartas cruzadas
_cDario Jaramillo Agudelo
250 _a1a. edición
264 _aMéxico
_bEdiciones Era
_c1999
300 _a557 páginas
_c21 cm
336 _atexto
_btxt
_2rdacontent
337 _asin mediación
_bn
_2rdamedia
338 _avolumen
_bnc
_2rdacarrier
490 _aBiblioteca Era
500 _aIncluye Indice
650 1 4 _2LEMB
_aNovela colombiana
_ySiglo XX
_9426
650 1 4 _2LEMB
_aLiteratura colombiana
_ySiglo XX
_9427
650 1 4 _2LEMB
_aFamilia en la literatura
_91235
650 1 4 _2LEMB
_aProblemas sociales en la literatura
_9423
942 _cBKLIT
999 _c9393
_d9393